French Borders Minefield Quiz Stats

 Plays Quiz Updated Jun 10, 2017

Support Sporcle.
Go Orange.
Score 0/10 Timer 00:30
8 Plays Today
% Correct
???
81.9%
???
80.5%
???
74.3%
???
73.9%
???
69.2%
???
68.3%
???
65.2%
???
64.6%
???
30.5%
???
28.3%

You're not logged in!

Compare scores with friends on all Sporcle quizzes.
OR
Log In
Forgot?

From the Vault

'The Fellowship of the Ring' Start to Finish

by Thebiguglyalien

It's a long walk to Mount Doom. Bring your ring.
Remove Ads.
Support Sporcle.
Get the best of Sporcle when you Go Orange. This ad-free experience offers more features, more stats, and more fun while also helping to support Sporcle. Thank you for becoming a member.

Show Comments

Extras

Top Quizzes Today


Score Distribution

Your Account Isn't Verified!

In order to create a playlist on Sporcle, you need to verify the email address you used during registration. Go to your Sporcle Settings to finish the process.

Report this User

Report this user for behavior that violates our Community Guidelines.

Details: